Comparative Government and Politics/ (Record no. 198125)

MARC details
000 -LEADER
fixed length control field 00827nam a22002177a 4500
005 - DATE AND TIME OF LATEST TRANSACTION
control field 20230914145512.0
010 ## - LCCN (DPL NO)
LC control number ENG-138045
020 ## - INTERNATIONAL STANDARD BOOK NUMBER
International Standard Book Number 9789390434114
Terms of availability 295.00
035 ## - SYSTEM CONTROL NUMBER
System control number EN-121577
037 ## - SOURCE OF ACQUISITION
Source of stock number/acquisition DBAD/PUB
082 ## - DEWEY DECIMAL CLASSIFICATION NUMBER
Classification number 320.3
Edition number First 2021
245 ## - TITLE STATEMENT
Title Comparative Government and Politics/
Statement of responsibility, etc Edited By Navajyoti Borah and Lila Bora
250 ## - EDITION STATEMENT
Edition statement First 2021
260 ## - PUBLICATION, DISTRIBUTION, ETC. (IMPRINT)
Place of publication, distribution, etc Assam
Name of publisher, distributor, etc EBH Publishers (India)
Date of publication, distribution, etc 2021
270 ## - ADDRESS
City Assam
Address 136, M.L. Nehru Road, Panbazar, Guwahati
Postal code 781001
Telephone number +913612513876
-- +913612519231
-- 9207045352
Fax number +913612519231
Electronic mail address easternbookhouse@gmail.com
300 ## - PHYSICAL DESCRIPTION
Extent 201p.
Dimensions 24cm(pbk)
500 ## - GENERAL NOTE
General note For BA (Regular) Gauhati And Dibrugarh University Semester III
700 ## - ADDED ENTRY--PERSONAL NAME
Personal name Borah, Navajyoti
Relator term Editor
9 (RLIN) 56605
700 ## - ADDED ENTRY--PERSONAL NAME
Personal name Bora, Lila
Relator term Editor
9 (RLIN) 56606
942 ## - ADDED ENTRY ELEMENTS (KOHA)
Source of classification or shelving scheme Dewey Decimal Classification
Item type English Books
Classification part 320.3
Call number suffix COM
Holdings
Withdrawn status Lost status Not for loan Collection code Home library Current library Date acquired Source of acquisition Cost, normal purchase price Full call number Barcode Copy number Cost, replacement price Koha item type
      Non-fiction Ashok Vihar Ashok Vihar 14/09/2023 DBAD/PUB 295.00 320.3 COM EN-121577 1 295.00 English Books

© Delhi Public Library
Hit Counter
free hit counter